[Event "BL 9394 Koblenz-HSK"]
[Site "?"]
[Date "1994.??.??"]
[Round "?.8"]
[White "Hammes, M."]
[Black "Heinemann, T."]
[Result "0-1"]
[WhiteElo "2220"]
[BlackElo "2380"]
[PlyCount "70"]
[EventDate "1994.??.??"]

1. d4 Nf6 2. c4 c5 3. d5 b5 4. cxb5 a6 5. b6 d6 6. Nc3 Nbd7 7. Nf3 g6 8. e4 Bg7
9. a4 Qxb6 10. Nd2 O-O 11. a5 Qa7 12. Nc4 Rb8 13. Be2 Ne8 14. O-O Nc7 15. Na4
Nb5 16. Bg5 Re8 17. f4 Nd4 18. Nab6 Nxb6 19. axb6 Qb7 20. Bf3 Bd7 21. e5 Bb5
22. Rc1 Bxc4 23. Rxc4 Qxb6 24. b4 Nxf3+ 25. Qxf3 cxb4+ 26. Kh1 f6 27. exf6 exf6
28. Bh4 Qe3 29. Qxe3 Rxe3 30. f5 b3 31. Bg3 b2 32. Rb1 Ra3 33. Re4 Ra1 34. Ree1
Rxb1 35. Rxb1 Rc8 0-1

[Event "BL 9394 Porz-Stadthagen"]
[Site "?"]
[Date "1994.??.??"]
[Round "?.2"]
[White "Hort, V."]
[Black "Khalifman, A."]
[Result "1/2-1/2"]
[WhiteElo "2535"]
[BlackElo "2660"]
[PlyCount "84"]
[EventDate "1994.??.??"]

1. d4 d5 2. Nf3 Nf6 3. c4 c6 4. Qb3 e6 5. Bg5 Be7 6. e3 h6 7. Bh4 O-O 8. Nc3 a6
9. c5 Nbd7 10. Be2 Ne4 11. Bxe7 Qxe7 12. O-O e5 13. Rfe1 Ng5 14. Nxe5 Nxe5 15.
dxe5 Qxe5 16. Bd3 Qe7 17. Na4 Bg4 18. Qb4 Bh5 19. a3 Rae8 20. f4 Ne6 21. f5 Ng5
22. Nc3 f6 23. h3 Qe5 24. Qf4 Re7 25. Rac1 Rfe8 26. Kf2 Rd8 27. Qxe5 Rxe5 28.
b4 Bf7 29. Rcd1 Bh5 30. Rd2 Rde8 31. Bc2 R8e7 32. Rd4 Be8 33. Rf4 Bd7 34. Bd3
d4 35. Rxd4 Bxf5 36. Bxf5 Rxf5+ 37. Kg1 Rfe5 38. Kf2 a5 39. Re2 axb4 40. axb4
Kf7 41. e4 Ke8 42. h4 Ne6 1/2-1/2

[Event "BL 9394 Porz-Stadthagen"]
[Site "?"]
[Date "1994.??.??"]
[Round "?.3"]
[White "Lobron, E."]
[Black "Christiansen, L."]
[Result "1-0"]
[WhiteElo "2570"]
[BlackElo "2560"]
[PlyCount "131"]
[EventDate "1994.??.??"]

1. e4 c5 2. c3 d6 3. d4 Nf6 4. Bd3 cxd4 5. cxd4 g6 6. Nc3 Bg7 7. h3 O-O 8. Nf3
e5 9. dxe5 dxe5 10. O-O Nc6 11. Be3 Be6 12. Bb5 Qb8 13. Bxc6 bxc6 14. Qc2 Nh5
15. Na4 h6 16. Nc5 Qe8 17. Rad1 Qe7 18. Nxe6 Qxe6 19. b3 Nf4 20. Rd2 Rfd8 21.
Rxd8+ Rxd8 22. Bxa7 Rd3 23. Be3 Qd7 24. Re1 Ne6 25. Rc1 c5 26. Bxc5 Nf4 27. Be3
Rc3 28. Rd1 Rxc2 29. Rxd7 Rxa2 30. Rb7 Ne2+ 31. Kh2 Nc3 32. Rb4 f5 33. Rb8+ Kh7
34. Rb7 Kg8 35. Rb8+ Kh7 36. Rb7 Kg8 37. exf5 gxf5 38. Nh4 f4 39. Bc5 Ne4 40.
Nf5 Nxc5 41. Rxg7+ Kf8 42. Rc7 Nd3 43. Rc8+ Kf7 44. Nxh6+ Ke6 45. Ng4 Nxf2 46.
Re8+ Kf7 47. Rxe5 Nxg4+ 48. hxg4 Rb2 49. Rb5 Kg6 50. Kg1 Kh6 51. Kf1 Kg6 52. b4
Kh6 53. Rh5+ Kg6 54. b5 Kf6 55. Rf5+ Kg7 56. Ke1 Kg6 57. Kd1 Rxg2 58. Rxf4 Rb2
59. Rf5 Rb4 60. Kc2 Rxg4 61. Rf3 Rb4 62. Rb3 Rc4+ 63. Kd3 Rc8 64. b6 Kf7 65. b7
Rb8 66. Kc4 1-0

[Event "BL 9394 Porz-Stadthagen"]
[Site "?"]
[Date "1994.??.??"]
[Round "?.4"]
[White "Hickl, J."]
[Black "Knaak, R."]
[Result "1-0"]
[WhiteElo "2535"]
[BlackElo "2530"]
[PlyCount "81"]
[EventDate "1994.??.??"]

1. e4 e6 2. d4 d5 3. Nd2 Nf6 4. Bd3 c5 5. e5 Nfd7 6. c3 Nc6 7. Ne2 cxd4 8. cxd4
f6 9. exf6 Nxf6 10. Nf3 Bd6 11. O-O Qc7 12. Bg5 O-O 13. Ng3 Bd7 14. a3 Kh8 15.
b4 a6 16. Rc1 Bf4 17. Bxf4 Qxf4 18. Bb1 Be8 19. Rc3 Nh5 20. Re3 Qh6 21. Ne2 Nf4
22. Nxf4 Rxf4 23. Qd2 Bh5 24. Rxe6 Qxe6 25. Qxf4 Bxf3 26. Qxf3 g6 27. Ba2 Rd8
28. Rd1 Kg7 29. h3 h6 30. Bb3 Ne7 31. Qg3 Rc8 32. Rd3 Rc1+ 33. Kh2 Qe1 34. Qe5+
Qxe5+ 35. dxe5 Kf7 36. Bxd5+ Nxd5 37. Rxd5 Ke6 38. Rd6+ Kxe5 39. Rxg6 Ra1 40.
Rxh6 Rxa3 41. Rb6 1-0

[Event "BL 9394 Porz-Stadthagen"]
[Site "?"]
[Date "1994.??.??"]
[Round "?.6"]
[White "Vogt, L."]
[Black "Tischbierek, R."]
[Result "1-0"]
[WhiteElo "2495"]
[BlackElo "2490"]
[PlyCount "85"]
[EventDate "1994.??.??"]

1. e4 d6 2. d4 Nf6 3. Nc3 g6 4. Be3 Bg7 5. f3 c6 6. Qd2 b5 7. g4 h5 8. g5 Nfd7
9. Nge2 Nb6 10. b3 N8d7 11. f4 b4 12. Nd1 c5 13. Bg2 Ba6 14. Nf2 Bxe2 15. Kxe2
cxd4 16. Bxd4 Bxd4 17. Qxd4 O-O 18. Qxb4 e5 19. Qxd6 exf4 20. Qxf4 Rc8 21. c4
f5 22. gxf6 Rxf6 23. Qg3 Qe7 24. Nd3 Kg7 25. Rhf1 Re8 26. Rxf6 Qxf6 27. Rf1 Qc3
28. Qe1 Qd4 29. Qf2 Qxf2+ 30. Nxf2 Ne5 31. Rd1 g5 32. Nd3 Nbd7 33. h3 Ng6 34.
Ke3 Nf6 35. Rf1 Nh4 36. Bh1 Re7 37. e5 Nd7 38. Kd4 Ng6 39. Rf5 Kh6 40. Bd5 g4
41. hxg4 hxg4 42. e6 Ndf8 43. Nf4 1-0

[Event "BL 9394 Porz-Stadthagen"]
[Site "?"]
[Date "1994.??.??"]
[Round "?.7"]
[White "Keitlinghaus, L."]
[Black "Mainka, R."]
[Result "0-1"]
[WhiteElo "2510"]
[BlackElo "2480"]
[PlyCount "82"]
[EventDate "1994.??.??"]

1. e4 c5 2. c3 Nf6 3. e5 Nd5 4. g3 Nc6 5. Bg2 e6 6. Nf3 d6 7. exd6 Bxd6 8. O-O
O-O 9. d4 cxd4 10. Nxd4 Nxd4 11. Qxd4 Qe7 12. c4 Nb4 13. Qd1 Be5 14. Qe2 Qc7
15. Na3 a6 16. Nc2 Nc6 17. Rb1 a5 18. Be3 Nb4 19. a3 Nc6 20. b4 axb4 21. axb4
Bf6 22. b5 Ne5 23. c5 Ra2 24. f4 Ng4 25. Qxg4 Rxc2 26. b6 Qe7 27. Qf3 e5 28.
Rfc1 Ra2 29. c6 e4 30. Qf1 Rd8 31. Qc4 Qa3 32. Rb3 Qa5 33. Rb5 Qa3 34. Rb3 Qa5
35. cxb7 Bxb7 36. Bxe4 Ra4 37. Qc7 Bxe4 38. Rbc3 Ra2 39. b7 Rg2+ 40. Kf1 Qb5+
41. Rc4 Bxb7 0-1

[Event "BL 9394 Porz-Stadthagen"]
[Site "?"]
[Date "1994.??.??"]
[Round "?.8"]
[White "Brunner, L."]
[Black "Heissler, J."]
[Result "1-0"]
[WhiteElo "2480"]
[BlackElo "2425"]
[PlyCount "95"]
[EventDate "1994.??.??"]

1. d4 Nf6 2. Nf3 d6 3. c4 c6 4. Nc3 Nbd7 5. e4 e5 6. Be2 Be7 7. O-O O-O 8. Be3
a6 9. d5 cxd5 10. cxd5 Ng4 11. Bd2 Ngf6 12. b4 Re8 13. Qc2 Nf8 14. a4 Ng6 15.
a5 Bd7 16. Be3 Bf8 17. Rfc1 Rc8 18. Bf1 h6 19. Qb3 Qe7 20. b5 axb5 21. Bxb5
Bxb5 22. Qxb5 Ng4 23. Bb6 Nh4 24. Nxh4 Qxh4 25. h3 Nf6 26. Qe2 g6 27. Kh2 Nd7
28. g3 Qf6 29. Nb5 Be7 30. Kg2 h5 31. Na7 Rxc1 32. Rxc1 Nxb6 33. axb6 Bd8 34.
Qb5 Rf8 35. Rc7 h4 36. Rxb7 hxg3 37. fxg3 Qg5 38. Qe2 f5 39. h4 Qh6 40. exf5
gxf5 41. Nc6 f4 42. Qg4+ Kh8 43. Nxd8 f3+ 44. Kh3 Rxd8 45. Qxf3 Rf8 46. Rf7
Rxf7 47. Qxf7 Qc1 48. Qh5+ 1-0

[Event "BL 9394 HSK-Porz"]
[Site "?"]
[Date "1994.??.??"]
[Round "?.1"]
[White "Lutz, C."]
[Black "Wahls, M."]
[Result "1/2-1/2"]
[WhiteElo "2595"]
[BlackElo "2520"]
[PlyCount "60"]
[EventDate "1994.??.??"]

1. d4 Nf6 2. c4 e6 3. Nf3 Bb4+ 4. Nbd2 O-O 5. a3 Be7 6. e4 d5 7. Qc2 c5 8. e5
Nfd7 9. Bd3 h6 10. cxd5 exd5 11. Bf5 Nc6 12. e6 fxe6 13. Bxe6+ Kh8 14. O-O Nxd4
15. Nxd4 cxd4 16. Nf3 Nc5 17. Bxc8 Rxc8 18. Nxd4 Ne6 19. Qd3 Nxd4 20. Qxd4 Bc5
21. Qd3 Rxf2 22. Rxf2 Qb6 23. Qf3 Rf8 24. Be3 Rxf3 25. Bxc5 Qxc5 26. gxf3 Kg8
27. Rd1 Kf7 28. Kg2 Ke6 29. Re2+ Kd6 30. Red2 Ke5 1/2-1/2

[Event "BL 9394 HSK-Porz"]
[Site "?"]
[Date "1994.??.??"]
[Round "?.2"]
[White "Ftacnik, L."]
[Black "Hort, V."]
[Result "1-0"]
[WhiteElo "2565"]
[BlackElo "2535"]
[PlyCount "121"]
[EventDate "1994.??.??"]

1. d4 d5 2. c4 c6 3. Nc3 Nf6 4. e3 g6 5. Nf3 Bg7 6. Bd3 O-O 7. O-O a6 8. a4 a5
9. h3 Na6 10. e4 Nb4 11. e5 Ne8 12. cxd5 cxd5 13. Be3 Nc7 14. Rc1 Ne6 15. Bb5
f6 16. Qb3 Nc7 17. exf6 exf6 18. Bf4 Be6 19. Be2 Rc8 20. Nb5 Nxb5 21. Rxc8 Bxc8
22. Bxb5 Rf7 23. Bd2 Bf8 24. Rc1 Bf5 25. Ne1 Kg7 26. g4 Be6 27. Ng2 Rc7 28. Re1
Bf7 29. Qg3 Bd6 30. Bf4 Bxf4 31. Nxf4 Re7 32. Rc1 g5 33. Ng2 Bg6 34. h4 h6 35.
hxg5 hxg5 36. Ne3 Be4 37. f3 Bg6 38. Kf2 Qb6 39. Rc5 Qd8 40. Qh2 b6 41. Rc1 Qh8
42. Qd6 Rf7 43. Kg2 Qf8 44. Qxb6 Qe7 45. Kf2 Qa7 46. Qxa7 Rxa7 47. Rc5 Bf7 48.
Ke2 Be6 49. Kd2 Kf8 50. Nc2 Na2 51. Bd3 Ke7 52. Na3 Nb4 53. Nb5 Rb7 54. Bf5 Bf7
55. Bc8 Rb6 56. Rc7+ Kd8 57. Bf5 Be8 58. Rc5 Bc6 59. Nc3 Na6 60. Rxa5 Rxb2+ 61.
Kc1 1-0

[Event "BL 9394 HSK-Porz"]
[Site "?"]
[Date "1994.??.??"]
[Round "?.3"]
[White "Christiansen, L."]
[Black "Mueller, Ka"]
[Result "1-0"]
[WhiteElo "2560"]
[BlackElo "2480"]
[PlyCount "119"]
[EventDate "1994.??.??"]

1. c4 e6 2. d4 d5 3. Nc3 c6 4. g3 dxc4 5. Bg2 e5 6. dxe5 Qxd1+ 7. Nxd1 f6 8.
Nf3 Nd7 9. Ne3 Bb4+ 10. Bd2 Bxd2+ 11. Kxd2 Nb6 12. Rhd1 Be6 13. Nd4 O-O-O 14.
Kc3 Bd5 15. Nxd5 cxd5 16. Ne6 Re8 17. e4 dxe4 18. Nxg7 Rf8 19. Ne6 Re8 20. Rd6
fxe5 21. Nc5 Nf6 22. Rad1 Rhf8 23. a4 Nfd5+ 24. R1xd5 Nxd5+ 25. Rxd5 Rxf2 26.
Bxe4 b6 27. Nb7 Re7 28. Nd6+ Kc7 29. Nb5+ Kc8 30. Rd2 Rxd2 31. Kxd2 Kb8 32. Nc3
Rf7 33. Ke2 a6 34. Bd5 Rc7 35. g4 Rc5 36. Be4 h6 37. h4 b5 38. axb5 axb5 39.
Nd5 b4 40. Ne3 Kc8 41. Kd1 Kd7 42. Kc2 Ke6 43. Nf5 c3 44. Nxh6 cxb2+ 45. Kxb2
Rc4 46. Bf5+ Ke7 47. Bc2 e4 48. Nf5+ Kf6 49. Ne3 Rd4 50. g5+ Kg6 51. Kb3 Kh5
52. Nf5 Rd2 53. Bxe4 Rf2 54. Kxb4 Rf4 55. Kc5 Kg4 56. Kd5 Rxf5+ 57. Bxf5+ Kxf5
58. Kd6 Kg6 59. Ke6 Kg7 60. h5 1-0

[Event "BL 9394 HSK-Porz"]
[Site "?"]
[Date "1994.??.??"]
[Round "?.4"]
[White "Michaelsen, N."]
[Black "Hickl, J."]
[Result "1/2-1/2"]
[WhiteElo "2430"]
[BlackElo "2535"]
[PlyCount "54"]
[EventDate "1994.??.??"]

1. d4 d6 2. c4 e5 3. Nf3 Nd7 4. Nc3 c6 5. e4 Ngf6 6. Be2 Be7 7. O-O O-O 8. Re1
a6 9. Bf1 b5 10. a3 Bb7 11. Bg5 Re8 12. Rc1 Qb8 13. b4 Bd8 14. h3 h6 15. Bh4
Nh7 16. Bxd8 Rxd8 17. a4 bxa4 18. Nxa4 Nhf6 19. Rb1 Qa7 20. Nc3 Rac8 21. Qd2
Kh7 22. Rb2 g6 23. Qd1 Qa8 24. Rd2 Qb8 25. Qb1 exd4 26. Nxd4 Re8 27. Rb2 Qa7
1/2-1/2

[Event "BL 9394 HSK-Porz"]
[Site "?"]
[Date "1994.??.??"]
[Round "?.6"]
[White "Mowsziszian, K."]
[Black "Vogt, L."]
[Result "0-1"]
[WhiteElo "2490"]
[BlackElo "2495"]
[PlyCount "79"]
[EventDate "1994.??.??"]

1. e4 c5 2. Nf3 e6 3. d4 cxd4 4. Nxd4 Nf6 5. Nc3 d6 6. Bc4 Be7 7. Bb3 Na6 8.
O-O Nc5 9. Qf3 a6 10. Re1 O-O 11. Bg5 Qa5 12. Bh4 Bd7 13. e5 dxe5 14. Rxe5 Qb4
15. Rd1 Nxb3 16. axb3 Rfd8 17. Ree1 Be8 18. Nce2 Nd5 19. c3 Qb6 20. Bxe7 Nxe7
21. Qg3 Ng6 22. Nf4 Rd6 23. Nxg6 hxg6 24. Rd3 f6 25. f4 Bf7 26. Kh1 Rc8 27. Qh4
Rc5 28. Rh3 Rh5 29. Qg3 Rxh3 30. Qxh3 a5 31. Qe3 Rd5 32. h3 e5 33. fxe5 Rxe5
34. Qd2 Rxe1+ 35. Qxe1 Bxb3 36. Qe8+ Kh7 37. Ne2 Qf2 38. Qe4 b5 39. Nf4 Bc2 40.
Qe2 0-1

[Event "BL 9394 HSK-Porz"]
[Site "?"]
[Date "1994.??.??"]
[Round "?.7"]
[White "Mainka, R."]
[Black "Sievers, S."]
[Result "0-1"]
[WhiteElo "2480"]
[BlackElo "2330"]
[PlyCount "84"]
[EventDate "1994.??.??"]

1. e4 c5 2. Nf3 d6 3. d4 cxd4 4. Nxd4 Nf6 5. Nc3 g6 6. Be2 Bg7 7. O-O O-O 8.
Re1 Nc6 9. Nb3 Be6 10. Bf1 Rc8 11. Bg5 h6 12. Bh4 Ne5 13. f3 Bc4 14. f4 Neg4
15. Bxc4 Rxc4 16. Qe2 Qb6+ 17. Kh1 Rfc8 18. a4 g5 19. fxg5 hxg5 20. Bg3 Rxc3
21. a5 Qb4 22. bxc3 Rxc3 23. Rad1 Rxg3 24. hxg3 Nxe4 25. Kg1 Ngf2 26. Qe3 f5
27. Rb1 Be5 28. Qxa7 Ng4 29. Rf1 Bxg3 30. Rf3 Bh2+ 31. Kh1 Ng3+ 32. Rxg3 Bxg3
33. Qd4 Qb5 34. Qc3 Nf2+ 35. Kg1 Ne4 36. Qd3 Qe5 37. Kf1 g4 38. Qc4+ Kf8 39.
Kg1 Bf2+ 40. Kf1 Bg3 41. Kg1 Bf2+ 42. Kf1 Qf4 0-1

[Event "BL 9394 HSK-Porz"]
[Site "?"]
[Date "1994.??.??"]
[Round "?.8"]
[White "Heinemann, T."]
[Black "Brunner, L."]
[Result "1/2-1/2"]
[WhiteElo "2380"]
[BlackElo "2480"]
[PlyCount "74"]
[EventDate "1994.??.??"]

1. e4 c6 2. d4 d5 3. e5 Bf5 4. Nf3 e6 5. Be2 c5 6. c3 Nc6 7. O-O cxd4 8. cxd4
Nge7 9. Be3 Nc8 10. Nc3 Nb6 11. Nd2 Be7 12. f4 Bg6 13. Rc1 O-O 14. Bg4 Bd3 15.
Be2 Bxe2 16. Qxe2 Qd7 17. Qg4 f6 18. exf6 Rxf6 19. Rce1 Raf8 20. Nf3 Nc4 21.
Bc1 Bb4 22. Ne5 N6xe5 23. dxe5 Rf5 24. Rf3 Qc7 25. Rd1 Bxc3 26. Rxc3 Qb6+ 27.
Kh1 Nxe5 28. Qe2 Nd7 29. h3 Qd6 30. Qb5 Nb6 31. Qb3 d4 32. Rcd3 Rd5 33. Qc2 Rd8
34. b3 Nc8 35. Bb2 Qxf4 36. Rxd4 Qf7 37. Rxd5 exd5 1/2-1/2

[Event "BL 9394 Stadthagen-Koblenz"]
[Site "?"]
[Date "1994.??.??"]
[Round "?.1"]
[White "Rozentalis, E."]
[Black "Karpov, An"]
[Result "1/2-1/2"]
[WhiteElo "2610"]
[BlackElo "2740"]
[PlyCount "155"]
[EventDate "1994.??.??"]

1. e4 c6 2. d4 d5 3. exd5 cxd5 4. c4 Nf6 5. Nc3 e6 6. Nf3 Bb4 7. Bd3 O-O 8. O-O
dxc4 9. Bxc4 b6 10. Bg5 Bb7 11. Qe2 Bxc3 12. bxc3 Nbd7 13. Bd3 Qc7 14. Rfc1
Rfe8 15. Bh4 Nh5 16. Bg3 Nxg3 17. hxg3 Rac8 18. Bb5 Red8 19. a4 Bxf3 20. Qxf3
Nf6 21. Ba6 Rb8 22. Qe2 Rd6 23. Qe5 Qd8 24. Rab1 g6 25. Be2 Rd5 26. Qe3 Rc8 27.
Rb5 Rd7 28. Bf3 Ne8 29. Rb3 Nd6 30. Be2 Nc4 31. Bxc4 Rxc4 32. Ra1 Qc7 33. Raa3
Rd5 34. Rb5 Rxa4 35. Rxa4 Rxb5 36. c4 Rb1+ 37. Kh2 a5 38. d5 Qd7 39. dxe6 Qxa4
40. exf7+ Kxf7 41. Qf4+ Ke7 42. Qe4+ Kd7 43. Qxb1 Qc6 44. Qd3+ Kc7 45. f4 Qe6
46. Qb3 Qe2 47. Qa4 Qh5+ 48. Kg1 Qc5+ 49. Kh2 Qb4 50. Qc2 a4 51. g4 a3 52. f5
Qa5 53. Qe4 a2 54. Qe7+ Kc6 55. f6 a1=Q 56. Qe8+ Kc5 57. f7 Qf6 58. f8=Q+ Qxf8
59. Qxf8+ Kxc4 60. Qf1+ Kd4 61. Qf4+ Kd5 62. Qf7+ Ke4 63. Qxh7 Qe5+ 64. Kh3 Qd6
65. Qf7 Ke5 66. g3 Qe6 67. Qf8 g5 68. Qh8+ Qf6 69. Qe8+ Kd6 70. Qb8+ Kc5 71.
Qc7+ Kd4 72. Qc2 Qh6+ 73. Kg2 b5 74. Qd2+ Kc5 75. Qc3+ Kb6 76. Qe3+ Kb7 77.
Qe7+ Ka6 78. Qa3+ 1/2-1/2

[Event "BL 9394 Stadthagen-Koblenz"]
[Site "?"]
[Date "1994.??.??"]
[Round "?.2"]
[White "Khalifman, A."]
[Black "Seul, G."]
[Result "1-0"]
[WhiteElo "2660"]
[BlackElo "2425"]
[PlyCount "87"]
[EventDate "1994.??.??"]

1. d4 d5 2. c4 c6 3. Nf3 Nf6 4. Nc3 a6 5. a4 e6 6. g3 c5 7. cxd5 Nxd5 8. Bg2
cxd4 9. Nxd5 exd5 10. O-O Be7 11. Nxd4 O-O 12. Qb3 Nc6 13. Be3 Be6 14. Nxe6
fxe6 15. Bb6 Qd6 16. e4 Qb4 17. Qxb4 Nxb4 18. Rfd1 Rac8 19. exd5 Nxd5 20. Bxd5
exd5 21. Rxd5 Rc2 22. b3 Rb2 23. Rd3 Rc8 24. Re1 Bf6 25. Ree3 Rc1+ 26. Kg2 Rcc2
27. Re8+ Kf7 28. Rb8 Rc3 29. Rxb7+ Ke6 30. Rxc3 Bxc3 31. Be3 Kd5 32. Kf3 a5 33.
Rb5+ Kd6 34. Bb6 Ke6 35. Kg2 Kf7 36. Bxa5 Bxa5 37. Rxa5 Rxb3 38. Rb5 Ra3 39. a5
Ra2 40. h4 Kf6 41. Rb6+ Kf7 42. a6 h5 43. Kf3 Ra3+ 44. Ke4 1-0

[Event "BL 9394 Stadthagen-Koblenz"]
[Site "?"]
[Date "1994.??.??"]
[Round "?.3"]
[White "Reschke, S."]
[Black "Lobron, E."]
[Result "0-1"]
[WhiteElo "2390"]
[BlackElo "2570"]
[PlyCount "82"]
[EventDate "1994.??.??"]

1. c4 Nf6 2. Nf3 c6 3. g3 d5 4. b3 Bg4 5. Bg2 e6 6. O-O Nbd7 7. Bb2 Bd6 8. d3
O-O 9. Qc2 e5 10. h3 Bxf3 11. Bxf3 Qe7 12. Nc3 d4 13. Nd1 Bc5 14. Bc1 a5 15. a3
Rfe8 16. e3 e4 17. dxe4 Nxe4 18. Qxe4 Qxe4 19. Bxe4 Rxe4 20. Ra2 Ne5 21. f3
dxe3 22. fxe4 e2+ 23. Kg2 exf1=Q+ 24. Kxf1 Rd8 25. Rd2 Rd3 26. Rxd3 Nxd3 27.
Bd2 Bxa3 28. Bxa5 Nc5 29. Nf2 Nxb3 30. Bc3 f6 31. g4 Kf7 32. Ke2 Nc5 33. Bd2
Ke6 34. Bf4 Nd7 35. Kd2 Bd6 36. Be3 Bb4+ 37. Kc2 Bc5 38. Kd2 Bxe3+ 39. Kxe3 c5
40. Nd3 g5 41. Nb2 Ne5 0-1

[Event "BL 9394 Stadthagen-Koblenz"]
[Site "?"]
[Date "1994.??.??"]
[Round "?.4"]
[White "Knaak, R."]
[Black "Fritsche, L."]
[Result "1/2-1/2"]
[WhiteElo "2530"]
[BlackElo "2375"]
[PlyCount "29"]
[EventDate "1994.??.??"]

1. d4 g6 2. c4 Bg7 3. e4 d6 4. Nc3 Nc6 5. d5 Nd4 6. Nge2 c5 7. Nxd4 cxd4 8. Nb5
Qb6 9. c5 Qxc5 10. Bd2 Qb6 11. Qa4 Bd7 12. Ba5 Qc5 13. Bb4 Qb6 14. Ba5 Qc5 15.
Bb4 1/2-1/2

[Event "BL 9394 Stadthagen-Koblenz"]
[Site "?"]
[Date "1994.??.??"]
[Round "?.5"]
[White "Schlick, V."]
[Black "Lau, R."]
[Result "0-1"]
[WhiteElo "2315"]
[BlackElo "2535"]
[PlyCount "98"]
[EventDate "1994.??.??"]

1. e4 c5 2. Nf3 e6 3. d4 cxd4 4. Nxd4 a6 5. Bd3 g6 6. O-O Bg7 7. Nb3 Nc6 8. c4
Nge7 9. Nc3 O-O 10. Bg5 h6 11. Bf4 d5 12. exd5 exd5 13. c5 b6 14. Qd2 bxc5 15.
Nxc5 Kh7 16. Rac1 Ne5 17. Be2 d4 18. N3a4 Nd5 19. Bg3 f5 20. Bxe5 Bxe5 21. f4
Bg7 22. Bf3 Rb8 23. Bxd5 Qxd5 24. Rfe1 Bf6 25. b3 Qd6 26. Nb2 g5 27. Nbd3 Rg8
28. Rc2 Rb6 29. Qc1 Qd8 30. Rce2 Qd5 31. a4 Rb8 32. b4 Rb6 33. Qc2 Rd6 34. b5
axb5 35. axb5 Rg7 36. Ra1 Rb6 37. Rb1 Rc7 38. fxg5 hxg5 39. Re8 Bd7 40. Ree1
Bxb5 41. Qd1 Rxc5 42. Qh5+ Kg7 43. Nxc5 Qxc5 44. Rbc1 Bc4 45. Re8 d3+ 46. Kh1
Bf7 47. Qh8+ Kg6 48. Rg8+ Bxg8 49. Qxg8+ Kh6 0-1

[Event "BL 9394 Stadthagen-Koblenz"]
[Site "?"]
[Date "1994.??.??"]
[Round "?.6"]
[White "Tischbierek, R."]
[Black "Polster, W."]
[Result "1-0"]
[WhiteElo "2490"]
[BlackElo "2335"]
[PlyCount "69"]
[EventDate "1994.??.??"]

1. e4 c5 2. Nc3 Nc6 3. Nge2 g6 4. d4 cxd4 5. Nxd4 Bg7 6. Nb3 Nf6 7. Be2 d6 8.
O-O Be6 9. Bg5 O-O 10. Kh1 a5 11. a4 Rc8 12. f4 Nb4 13. Bh4 Bc4 14. Bxc4 Rxc4
15. Qe2 Rc8 16. Rad1 Qc7 17. e5 dxe5 18. fxe5 Ne8 19. Nb5 Qxc2 20. Qxc2 Nxc2
21. Bxe7 Ne3 22. Rc1 Rc6 23. Rfe1 Ng4 24. Bxf8 Kxf8 25. Rxc6 bxc6 26. Nd6 Nf2+
27. Kg1 Nd3 28. Re2 Nxe5 29. Nxe8 Kxe8 30. Nxa5 Kd7 31. b3 c5 32. Kf1 h5 33. h3
h4 34. Rc2 Bf8 35. Nb7 1-0

[Event "BL 9394 Stadthagen-Koblenz"]
[Site "?"]
[Date "1994.??.??"]
[Round "?.7"]
[White "Bohn, T."]
[Black "Keitlinghaus, L."]
[Result "0-1"]
[WhiteElo "2355"]
[BlackElo "2510"]
[PlyCount "58"]
[EventDate "1994.??.??"]

1. f4 d5 2. Nf3 Bg4 3. e3 Nd7 4. h3 Bxf3 5. Qxf3 c6 6. d4 e6 7. Nd2 h5 8. e4
dxe4 9. Nxe4 Ndf6 10. Nxf6+ Qxf6 11. Be3 Ne7 12. O-O-O O-O-O 13. g3 Nf5 14. Bg2
g6 15. c3 Bg7 16. Bf2 a6 17. Kb1 Rd7 18. a3 Qd8 19. Qe2 Ne7 20. Be4 Qc7 21. h4
Rhd8 22. Rd3 Kb8 23. Rhd1 Nc8 24. R3d2 Qa5 25. Ka2 Nd6 26. Bd3 Nb5 27. Bc2 c5
28. dxc5 Nxc3+ 29. bxc3 Qxc3 0-1

[Event "BL 9394 Stadthagen-Koblenz"]
[Site "?"]
[Date "1994.??.??"]
[Round "?.8"]
[White "Heissler, J."]
[Black "Hammes, M."]
[Result "1-0"]
[WhiteElo "2425"]
[BlackElo "2220"]
[PlyCount "103"]
[EventDate "1994.??.??"]

1. e4 e6 2. d3 d5 3. Nd2 Nf6 4. Ngf3 c5 5. g3 Nc6 6. Bg2 Be7 7. O-O O-O 8. Re1
b5 9. e5 Nd7 10. Nf1 a5 11. h4 b4 12. Bf4 Ba6 13. Ng5 Qe8 14. c4 Bxg5 15. hxg5
Nb6 16. b3 Rd8 17. Qg4 Nd4 18. Rac1 Qe7 19. Nd2 a4 20. Kh2 Rfe8 21. Rh1 Nd7 22.
bxa4 Nf8 23. Nb3 dxc4 24. dxc4 Bb7 25. Nxd4 Rxd4 26. Rhd1 Bxg2 27. Kxg2 Qd7 28.
Rxd4 Qxd4 29. Qd1 Qe4+ 30. Qf3 Qd4 31. Qe3 Ng6 32. Qxd4 cxd4 33. Rd1 Nxf4+ 34.
gxf4 Rd8 35. Kf3 h5 36. gxh6 gxh6 37. Ke4 Ra8 38. Rxd4 Rxa4 39. Rd2 Kg7 40. f5
exf5+ 41. Kxf5 Ra3 42. f4 Rc3 43. Rg2+ Kf8 44. Kf6 Rxc4 45. f5 Rc6+ 46. e6 fxe6
47. fxe6 Ra6 48. Rc2 Ra8 49. Rc7 Kg8 50. Rg7+ Kh8 51. e7 Ra6+ 52. Kf7 1-0

[Event "BL 9394 Castrop Rauxel-München 36"]
[Site "?"]
[Date "1994.??.??"]
[Round "?.1"]
[White "Hertneck, G."]
[Black "Watson, W."]
[Result "1-0"]
[WhiteElo "2615"]
[BlackElo "2525"]
[PlyCount "80"]
[EventDate "1994.??.??"]

1. d4 Nf6 2. c4 g6 3. Nc3 Bg7 4. e4 d6 5. Nf3 O-O 6. Be2 e5 7. O-O Nc6 8. d5
Ne7 9. Nh4 Ne8 10. g3 Bh3 11. Re1 f5 12. exf5 Nxf5 13. Nf3 h6 14. Ne4 Bg4 15.
Qd3 Nf6 16. Bd2 Qd7 17. Bc3 Nxe4 18. Qxe4 Bh3 19. Nd2 Nd4 20. Bxd4 Bf5 21. Qf3
exd4 22. Bd3 Bg4 23. Qe4 Bf5 24. Qe2 Rae8 25. Be4 g5 26. Qd3 Bxe4 27. Nxe4 Qf5
28. f3 b5 29. cxb5 Qxd5 30. Nf6+ Bxf6 31. Rxe8 Rxe8 32. Qg6+ Kf8 33. Qxf6+ Qf7
34. Qh8+ Qg8 35. Qxd4 Re2 36. f4 Qe6 37. fxg5 Kg8 38. gxh6 Re1+ 39. Rxe1 Qxe1+
40. Kg2 Qe2+ 1-0

[Event "BL 9394 Castrop Rauxel-München 36"]
[Site "?"]
[Date "1994.??.??"]
[Round "?.2"]
[White "King, D."]
[Black "Stohl, I."]
[Result "1-0"]
[WhiteElo "2455"]
[BlackElo "2560"]
[PlyCount "99"]
[EventDate "1994.??.??"]

1. g3 g6 2. Bg2 Bg7 3. e4 c5 4. d3 Nc6 5. f4 d6 6. Nf3 e5 7. c3 Nge7 8. O-O O-O
9. Na3 d5 10. Qe1 d4 11. c4 Re8 12. Nc2 a5 13. a3 Bd7 14. Rb1 a4 15. Bd2 Qc7
16. b4 axb3 17. Rxb3 Rab8 18. a4 Ra8 19. a5 Nc8 20. Nxe5 Nxe5 21. fxe5 Bxe5 22.
Qf2 Bc6 23. Ne1 Nd6 24. Nf3 Bg7 25. g4 Qd7 26. Qg3 f6 27. h4 Qe7 28. Rbb1 Nf7
29. Bh3 Ne5 30. Nxe5 fxe5 31. g5 Rf8 32. Qg4 Rae8 33. Kg2 Qd6 34. Rxf8+ Bxf8
35. Rf1 Bg7 36. Rb1 Re7 37. Ra1 Bd7 38. Qg3 Be8 39. Qg4 Bd7 40. Qg3 Be8 41. Bc8
Bc6 42. a6 bxa6 43. Rxa6 Qc7 44. Qh3 Re8 45. Be6+ Kh8 46. h5 gxh5 47. Bf5 Rf8
48. g6 Bb7 49. Qxh5 Bf6 50. Rd6 1-0

[Event "BL 9394 Castrop Rauxel-München 36"]
[Site "?"]
[Date "1994.??.??"]
[Round "?.3"]
[White "Hodgson, JM."]
[Black "Appel, R."]
[Result "1-0"]
[WhiteElo "2570"]
[BlackElo "2430"]
[PlyCount "105"]
[EventDate "1994.??.??"]

1. d4 Nf6 2. Bg5 e6 3. e4 h6 4. Bxf6 Qxf6 5. Nc3 d6 6. Qd2 a6 7. O-O-O Bd7 8.
f4 Nc6 9. Nf3 O-O-O 10. d5 Nb8 11. e5 Qe7 12. Bc4 dxe5 13. Nxe5 Be8 14. Rhe1 c6
15. Nd3 cxd5 16. Nxd5 Qd6 17. Ne3 Nc6 18. Qf2 Qc7 19. f5 Nd4 20. fxe6 fxe6 21.
Nf4 Bf7 22. Rxd4 Rxd4 23. Bxe6+ Kb8 24. Nfd5 Qa5 25. Bxf7 Qxa2 26. Nc3 Qa1+ 27.
Nb1 Bd6 28. Nd5 Rxd5 29. Bxd5 Rf8 30. Qxf8+ Bxf8 31. Re8+ Kc7 32. Rxf8 Qa5 33.
Rf7+ Kd6 34. c4 Qe1+ 35. Kc2 b5 36. Nd2 bxc4 37. Bxc4 Qe5 38. g3 a5 39. Rf3 Kc6
40. Rc3 Kb7 41. h4 g5 42. hxg5 hxg5 43. g4 Qd4 44. Be6 Qa4+ 45. Kc1 Qf4 46. Bf5
Ka7 47. Kc2 Qh2 48. Rd3 Qe2 49. Kb3 Qd1+ 50. Ka2 Qc1 51. Nb3 Qc4 52. Rd4 Qb5
53. Ka3 1-0

[Event "BL 9394 Castrop Rauxel-München 36"]
[Site "?"]
[Date "1994.??.??"]
[Round "?.4"]
[White "Hoffmann, M."]
[Black "Ruf, M."]
[Result "1-0"]
[WhiteElo "2470"]
[BlackElo "2395"]
[PlyCount "115"]
[EventDate "1994.??.??"]

1. d4 f5 2. g3 d6 3. Nf3 g6 4. Bg2 Bg7 5. O-O Nf6 6. Nbd2 Nc6 7. Re1 O-O 8. e4
fxe4 9. Nxe4 Nxe4 10. Rxe4 Bf5 11. Re1 Qd7 12. c3 Rab8 13. d5 Nd8 14. Nd4 Kh8
15. Qe2 Re8 16. Nxf5 Qxf5 17. h4 c6 18. Be4 Qf7 19. Qd3 cxd5 20. Bxd5 e6 21.
Bg2 d5 22. Bf4 Rc8 23. Be5 Nc6 24. Bxg7+ Kxg7 25. Re2 Rcd8 26. f4 e5 27. fxe5
Rxe5 28. Rxe5 Nxe5 29. Qd4 Qf6 30. Qxa7 d4 31. Rf1 Qd6 32. Qxd4 Qxd4+ 33. cxd4
Rxd4 34. Bxb7 Rb4 35. Bd5 Rxb2 36. Rf2 Rb5 37. Rd2 Kf6 38. Kg2 Rc5 39. Bb3 h6
40. Rd6+ Kf5 41. a4 Ke4 42. Kh3 Kf5 43. Rd5 Rc3 44. Rb5 Rc1 45. a5 Rh1+ 46. Kg2
Ra1 47. Rb6 g5 48. hxg5 Kxg5 49. a6 Nd7 50. Rb7 Ne5 51. a7 Nc6 52. Rb5+ Kf6 53.
Rb6 Rxa7 54. Rxc6+ Kg5 55. Bc2 Rg7 56. Rc5+ Kf6 57. Rf5+ Ke6 58. Rh5 1-0